01122nam a2200193Ia 4500001000900000003001000009008004100019040002500060041001300085100001200098245002400110250001100134260009200145300001200237500026800249501011400517520026800631650002900899L010-100IT-CnALBA170116s9999||||xx |||||||||||||| ||und|| aIT-CnALBAcIT-CnALBA aITALIANO aAA. VV. 0aIL RAGGUAGLIO 1936  a1a ed. aMILANObPROPAGANDA LIBR. ISTITUTO, IPL. c1936 [1° Ed.:1936 - Ed.Ling.Originale: 1936] a512 p.  aATTIVITÀ CULTURALE LETTERARIA E ARTISTICA DEI CATTOLICI IN ITALIA. AUTORI E CRITICI. CASE EDITRICI CATTOLICHE. CASE EDITRICI MUSICALI. ATTIVITÀ DELLE CASE EDITRICI CATTOLICHE NEL 1935. ATTIVITÀ DELLE CASE EDITRICI MUSICALI NEL 1935. ATTIVITÀ DELLE CASE ED aSocietà San Paolo EM - Piazza San Paolo, 14 - 12051 ALBA (CN) (non commercial uses only) ® Copyright 2017 aATTIVITÀ CULTURALE LETTERARIA E ARTISTICA DEI CATTOLICI IN ITALIA. AUTORI E CRITICI. CASE EDITRICI CATTOLICHE. CASE EDITRICI MUSICALI. ATTIVITÀ DELLE CASE EDITRICI CATTOLICHE NEL 1935. ATTIVITÀ DELLE CASE EDITRICI MUSICALI NEL 1935. ATTIVITÀ DELLE CASE ED aBIBLIOGRAFIE E CATALOGHI